| 000 | 00674nam a2200217 4500 | ||
|---|---|---|---|
| 001 | 144853 | ||
| 003 | ES-MaACL | ||
| 005 | 20230906201119.0 | ||
| 007 | t| | ||
| 008 | 070214s1970 sp r ||||1| spa d | ||
| 080 | _a261.7(04) | ||
| 100 | 1 |
_aSmedt, Emile Joseph de. _9106817 |
|
| 245 | 1 | 0 |
_aHacia un clima de libertad _b: vida personal y adhesión a la Iglesia / _cMonseñor de Smedt ; [versión de J.L.G.]. |
| 260 |
_aBilbao : _bDesclée de Brower, _c1970. |
||
| 300 |
_a157 p. ; _c19 cm. |
||
| 490 | 1 |
_aPosconcilio ; _v8 |
|
| 650 | 4 |
_aLibertad religiosa. _914416 |
|
| 830 | 1 |
_aPosconcilio ; _v8 _9184363 |
|
| 852 | 4 |
_aES-MaACL _jC-51639 |
|
| 999 |
_c144853 _d144853 |
||